| 000 | 00854nam a22002417a 4500 | ||
|---|---|---|---|
| 999 |
_c7850 _d7850 |
||
| 003 | AR-CdUCM | ||
| 008 | 190321b ||||| |||| 00| 0 spa d | ||
| 040 |
_aMUNICIPALIDAD PROVINCIAL DEL CUSCO _cBIBLIOTECA MUNICIPAL DEL CUSCO |
||
| 082 |
_25ed. _a869.25 / _bP32 |
||
| 100 |
_aPayro, Roberto Jorge _922202 |
||
| 245 | _aEl casamiento de Laucha ; Chamijo - El falso inca / | ||
| 260 |
_aBuenos Aires : _bLosada, _c1949. |
||
| 300 |
_a169 páginas ; _c18 cm. |
||
| 500 | _aNovelas referentes al descubrimiento, conquista y colonización del Perú. | ||
| 650 |
_aNovelas históricas peruanas _911377 |
||
| 650 |
_aEpoca colonial _922203 |
||
| 650 |
_aNovelas argentinas _99625 |
||
| 650 |
_aSiglo XX _98 |
||
| 650 |
_aNovelas históricas peruanas _911377 |
||
| 650 |
_aDescubrimiento y Conquista, 1519-1536 _97379 |
||
| 942 |
_2ddc _cLIBROS |
||
| 945 | _azta | ||